Vedci vytvorili o 20 percent väčšiu molekulu DNA

Bibliographic Details
Main Author: Demko, Marek (Adapter)
Format: Article
Language:Slovak
ISSN:1335-5821
Subjects:

MARC

LEADER 00000nab a2200000 a 4500
001 vtls000871094
003 SK-MaSNL
005 20260413101814.0
008 250429c2004 xo 0 slo
015 |a SNBRB2004/05-14367 
035 |a CLN000222646 
035 |a urn:nbn:sk:snk-absab 
035 |a (urnnbn)urn:nbn:sk:snk:ar-a040kg 
035 |a (uuid)00cb09b1-ed0e-428f-8cb7-319770fb8dcc 
040 |a SNKBUCL  |b slo  |c SNKBUCL  |e AACR2 
041 0 |a slo 
044 |a xo  |c SK 
080 |a 577.113:54-116  |2 1997 
080 |a 54-116:577.113  |2 1997 
100 1 |a Demko, Marek  |4 adp  |9 1401291 
245 1 0 |a Vedci vytvorili o 20 percent väčšiu molekulu DNA  |c Marek Demko 
500 |a zdroj: www.mediclub.sk 
650 0 7 |a genetická transformácia  |2 MESH  |9 98282 
650 0 7 |a DNA  |x syntéza chemická  |2 MESH  |9 1494883 
650 0 7 |a abstrakty  |2 MESH  |9 90504 
650 0 7 |a adenín  |2 MESH  |9 250331 
650 0 7 |a párovanie báz  |2 MESH  |9 1494884 
650 0 7 |a tymín  |2 MESH  |9 1363827 
655 7 |a články z novín a časopisov  |2 snkbucl  |9 267496 
773 0 |t Lekárnické listy  |g Roč. 6, č. 2 (2004), s. 24  |x 1335-5821 
850 |a Slovenská národná knižnica 
852 |a Slovenská národná knižnica 
954 |a odborná, vedecká literatúra pôvodná (slovenská)  |2 lita 
958 |a article27 
958 |a OND 
958 |a MI 
958 |a EUIPO 
992 |a RBX 
999 |c 2983151  |d 2985081